'A'-Less African Countries Quiz Stats

 Plays Quiz Updated Sep 24, 2018

Score 0/12 Timer 03:00
7 Plays Today
Country % Correct
Egypt
94.8%
Morocco
84.7%
Niger
81.2%
Lesotho
77.3%
Togo
76%
Djibouti
71.4%
Benin
69.8%
Burundi
62.9%
Seychelles
61.5%
Comoros
60.5%
Republic of the Congo
57.7%
Côte d’Ivoire
51%

You're not logged in!

Compare scores with friends on all Sporcle quizzes.
OR
Log In

You Might Also Like...

Show Comments

Extras

Top Quizzes Today


Score Distribution

Your Account Isn't Verified!

In order to create a playlist on Sporcle, you need to verify the email address you used during registration. Go to your Sporcle Settings to finish the process.

Report this User

Report this user for behavior that violates our Community Guidelines.

Details: